Konkurenčná výkonnosť a jej úloha pri rozvoji slovenskej ekonomiky

Rozhodujúce faktory ovplyvňujúce celkovú výkonnosť slovenskej ekonomiky a postavenie produkcie na medzinárodnom trhu. Presadzovanie makroekonomických zámerov na Slovensku. Reštrukturalizácia slovenskej ekonomiky.

Gespeichert in:
Bibliographische Detailangaben
1. Verfasser: Baláž, Peter
Format: Buchkapitel
Sprache:Slowakisch
Schlagworte:
Tags: Tag hinzufügen
Keine Tags, Fügen Sie das erste Tag hinzu!

MARC

LEADER 00000naa a2200000 4500
001 r025360
005 20230825100559.6
041 0 |a slo 
044 |a SK 
245 1 0 |a Konkurenčná výkonnosť a jej úloha pri rozvoji slovenskej ekonomiky  |c P. Baláž 
520 |a Rozhodujúce faktory ovplyvňujúce celkovú výkonnosť slovenskej ekonomiky a postavenie produkcie na medzinárodnom trhu. Presadzovanie makroekonomických zámerov na Slovensku. Reštrukturalizácia slovenskej ekonomiky. 
610 2 0 |a politika hospodárska 
610 2 0 |a Slovensko 
610 2 0 |a výkonnosť 
610 2 0 |a konkurencieschopnosť 
610 2 0 |a produkt domáci hrubý 
610 2 0 |a makroekonomika 
610 2 0 |a výskum ekonomický 
610 2 0 |a výskum aplikovaný 
610 2 0 |a produkcia 
610 2 0 |a financovanie 
610 2 0 |a trh medzinárodný 
610 2 0 |a vzťahy hospodárske vonkajšie 
100 1 |a Baláž, Peter